Der umbau zu einer neven weltordnung: globale strukturpolitik, entwicklungspolitik und ihre praktischen Beiträge /

Guardado en:
书目详细资料
主要作者: Wieczorek-Zeul, Heidemarie
格式: Texto
标签: 添加标签
没有标签, 成为第一个标记此记录!

MARC

LEADER 00000 a a2200000 04500
001 47887
003
040
100 |a Wieczorek-Zeul, Heidemarie  
245 |a Der umbau zu einer neven weltordnung:   |b globale strukturpolitik, entwicklungspolitik und ihre praktischen Beiträge /  |c Heidemarie Wieczorek-Zeul  
773 |g número3, (2001), 227-234  
999 |c 32305  |d 32305